Zásady a postupy zavádění podnikových informačních systémů praktická příručka pro podnikové manažery

Salvato in:
Dettagli Bibliografici
Autore principale: Vrana, Ivan
Altri autori: Richta, Karel
Natura: Libro
Lingua:ceco
Pubblicazione: Praha Grada Publishing 2005
Serie:Management v informační společnosti
Soggetti:
Tags: Aggiungi Tag
Nessun Tag, puoi essere il primo ad aggiungerne!!

MARC

LEADER 00000nam$a2200000$$$4500
001 0025595
005 20240313133653.9
020 |a 80-247-1103-6 
041 0 |a cze 
044 |a CZ 
245 1 0 |a Zásady a postupy zavádění podnikových informačních systémů  |b praktická příručka pro podnikové manažery  |c Ivan Vrana, Karel Richta 
264 1 |a Praha  |b Grada Publishing  |c 2005 
300 |a 187 s. 
490 1 |a Management v informační společnosti 
830 0 |a Management v informační společnosti 
610 2 0 |a systémy informačné podnikové 
610 2 0 |a manažment informačný 
610 2 0 |a sústava informačná 
610 2 0 |a výstavba systémov informačných 
610 2 0 |a vývoj systémov 
610 2 0 |a zabezpečenie informačné 
610 2 0 |a výmena informácií 
610 2 0 |a údržba systémov 
100 1 |a Vrana, Ivan 
700 1 |a Richta, Karel